000 00252nam a22001097a 4500
082 _a978-03-5085-915-5
_bDIG/T
100 _aDOUBLE DIGEST
245 _aTINKLE
260 _aMUMBAI
_bAMAR CHITHRAKATHA
650 _aENGLISH SHORT STORY
_zMUMBAI
942 _cBK
999 _c2694
_d2694